| 000 | 00827nam a2200265 a 4500 | ||
|---|---|---|---|
| 001 | BRCA_5223 | ||
| 005 | 20190320205006.0 | ||
| 008 | 721218s1970 it-a######---#000-0#eng-# | ||
| 020 | _a0600012506 | ||
| 041 | _aeng | ||
| 044 | _ait | ||
| 050 | 4 |
_aND2980 _b.P57 1970 |
|
| 100 | 1 |
_aPirani, Emma _913375 |
|
| 245 | 1 | 0 |
_aGothic Illuminated Manuscripts _cEmma Pirani ; translated by Margaret Crosland. |
| 260 |
_aItalia _bHamlyn _cc1970 |
||
| 300 |
_a158 p. _bil. a color _c20 cm. |
||
| 440 | 0 |
_aCameo _913276 |
|
| 500 | _aIncluye lista de ilustraciones | ||
| 500 | _aTraducción de : La miniatura gotica | ||
| 500 | _aDonación Dr. Héctor Rivero Borrell Vázquez | ||
| 650 | 1 | 4 |
_aIluminación de libros y manuscritos medievales _9953 |
| 700 | 1 |
_aCrosland, Margaret _eTraductora _913376 |
|
| 902 | _aDHR | ||
| 942 |
_2lcc _cB |
||
| 999 |
_c4917 _d4917 |
||